Personálny manažment Vybrané kapitoly
Guardado en:
| Autor principal: | |
|---|---|
| Autor Corporativo: | |
| Formato: | Libro |
| Lenguaje: | eslovaco |
| Publicado: |
Bratislava
Edičné stredisko VŠE
1992
|
| Edición: | 1. vyd. |
| Materias: | |
| Etiquetas: |
Sin Etiquetas, Sea el primero en etiquetar este registro!
|
MARC
| LEADER | 00000nam a2200000 4500 | ||
|---|---|---|---|
| 001 | c004999 | ||
| 005 | 20250908121254.6 | ||
| 020 | |a 80-225-0357-6 | ||
| 041 | 0 | |a slo | |
| 044 | |a SK | ||
| 245 | 1 | 0 | |a Personálny manažment |b Vybrané kapitoly |c Anna Kachaňáková a kol. |
| 250 | |a 1. vyd. | ||
| 264 | 1 | |a Bratislava |b Edičné stredisko VŠE |c 1992 | |
| 300 | |a 176 s. | ||
| 610 | 2 | 0 | |a manažment |
| 610 | 2 | 0 | |a politika personálna |
| 610 | 2 | 0 | |a podnik |
| 610 | 2 | 0 | |a modely riadenia |
| 610 | 2 | 0 | |a ČSFR |
| 610 | 2 | 0 | |a Slovensko |
| 610 | 2 | 0 | |a stratégia podniková |
| 610 | 2 | 0 | |a prognózy hospodárske |
| 610 | 2 | 0 | |a analýza ekonomická |
| 610 | 2 | 0 | |a normovanie práce |
| 610 | 2 | 0 | |a využitie síl pracovných |
| 610 | 2 | 0 | |a plánovanie podnikové |
| 610 | 2 | 0 | |a kvalifikácia |
| 610 | 2 | 0 | |a práca riadiaca |
| 610 | 2 | 0 | |a pracovníci vedúci |
| 610 | 2 | 0 | |a stimulovanie hmotné |
| 610 | 2 | 0 | |a mzdy |
| 610 | 2 | 0 | |a motivácia pracovná |
| 610 | 2 | 0 | |a prostredie pracovné |
| 610 | 2 | 0 | |a bezpečnosť |
| 100 | 1 | |a Kachaňáková, Anna | |
| 710 | 2 | |a Vysoká škola ekonomická v Bratislave. Fakulta podnikového manažmentu | |